British Overseas Territories - Statistics

General Stats
  • This quiz has been taken 38 times
  • The average score is 9 of 14
Answer Stats
Location Territory % Correct
Iberian Peninsula Gibraltar
86%
Caribbean Cayman Islands
83%
Atlantic Ocean Bermuda
80%
Atlantic Ocean Falkland Islands
74%
Caribbean British Virgin Islands
69%
Caribbean Anguilla
63%
Antarctica British Antarctic Territory
63%
Indian Ocean British Indian Ocean Territory
60%
Caribbean Montserrat
60%
Atlantic Ocean South Georgia and the South Sandwich Islands
60%
Atlantic Ocean Turks and Caicos Islands
54%
Pacific Ocean Pitcairn Islands
49%
Mediterranean Akrotiri and Dhekelia
40%
Atlantic Ocean Saint Helena, Ascension and Tristan da Cunha
37%
No matching quizzes found
Score Distribution
Percent of People with Each Score
Percentile by Number Answered
Your Score History
You have not taken this quiz